Science of folk healing and survival of mountain communities : (Record no. 146850)

MARC details
000 -LEADER
fixed length control field 00772nam a22002177a 4500
005 - DATE AND TIME OF LATEST TRANSACTION
control field 20171026120517.0
010 ## - LCCN (DPL NO)
LC control number ENG-120908
020 ## - INTERNATIONAL STANDARD BOOK NUMBER
International Standard Book Number 9789381632567
Terms of availability 2500.00
035 ## - SYSTEM CONTROL NUMBER
System control number EN-104440
037 ## - SOURCE OF ACQUISITION
Source of stock number/acquisition DBAD/PUB
082 ## - DEWEY DECIMAL CLASSIFICATION NUMBER
Classification number 615.880954
100 ## - MAIN ENTRY--PERSONAL NAME
Personal name Sharma,Sushma
245 ## - TITLE STATEMENT
Title Science of folk healing and survival of mountain communities :
Statement of responsibility, etc by Sushma Sharma, Pankaj Gupta [and] Vijay Kumar Sharma
Remainder of title Himachal chapter /
260 ## - PUBLICATION, DISTRIBUTION, ETC. (IMPRINT)
Place of publication, distribution, etc New Delhi
Name of publisher, distributor, etc Satyam Publishing House
Date of publication, distribution, etc 2013
270 ## - ADDRESS
Address N-3/25, Mohan Garden, Uttam Nagar,
City New Delhi
Postal code 110059
300 ## - PHYSICAL DESCRIPTION
Extent 162p. :
Dimensions 28cm(Hb)
Other physical details ill (col.)
500 ## - GENERAL NOTE
General note Includes bibliographical references
700 ## - ADDED ENTRY--PERSONAL NAME
Personal name Gupta, Pankaj
700 ## - ADDED ENTRY--PERSONAL NAME
Personal name Sharma, Vijay Kumar
942 ## - ADDED ENTRY ELEMENTS (KOHA)
Source of classification or shelving scheme Dewey Decimal Classification
Item type English Books
Call number suffix SHA
Classification part 615.880954
Holdings
Withdrawn status Lost status Not for loan Collection code Home library Current library Date acquired Source of acquisition Cost, normal purchase price Full call number Barcode Copy number Cost, replacement price Koha item type
    Not For Loan Non-fiction D.B.Act.Division Bawana 26/10/2017 DBAD/PUB 2500.00 615.880954 SHA EN-104440 1 2500.00 English Books

© Delhi Public Library
Hit Counter
free hit counter